[Event "Pamplona IRT rap op"]
[Site "Pamplona"]
[Date "2012.11.10"]
[Round "8"]
[White "Avila, Pedro Andres"]
[Black "Diaz Cordoba, Fredy"]
[Result "0-1"]
[WhiteElo "2101"]
[BlackElo "2240"]
[PlyCount "124"]
[EventDate "2012.11.09"]
[EventType "swiss"]
[EventRounds "11"]
[EventCountry "COL"]
[SourceTitle "CBM 151 Extra"]
[Source "ChessBase"]
[SourceDate "2012.12.18"]
[SourceVersion "1"]
[SourceVersionDate "2012.12.18"]
[SourceQuality "1"]

1. e4 Nc6 2. Nf3 e6 3. d4 d5 4. e5 f6 5. Bf4 g6 6. c3 Bh6 7. Qd2 Bxf4 8. Qxf4 fxe5 9. Nxe5 Qf6 10. Qxf6 Nxf6 11. Bb5 Bd7 12. Bxc6 Bxc6 13. Nd2 Ke7 14. Nb3 Be8 15. 0-0 a5 16. Rfe1 b6 17. f3 Nh5 18. Re3 Ng7 19. g4 g5 20. Kg2 Kd6 21. Rae1 c5 22. h3 Rf8 23. Kg3 a4 24. Nc1 h5 25. Ncd3 Bb5 26. a3 Rac8 27. R1e2 Rf6 28. Rd2 Rh8 29. Nf2 Rc8 30. Nfd3 Be8 31. Nf2 Bg6 32. Nfd3 Bxd3 33. Nxd3 cxd4 34. cxd4 Rc4 35. Ne5 b5 36. b3 h4+ 37. Kg2 Rc1 38. bxa4 bxa4 39. Rb2 Rf8 40. Rb7 Rc7 41. Rxc7 Kxc7 42. Rc3+ Kb7 43. Nd7 Rf4 44. Nc5+ Kb6 45. Nxa4+ Kb5 46. Nb2 Rxd4 47. Rb3+ Kc6 48. Nd3 Ne8 49. Kf2 Nd6 50. Ne5+ Kc5 51. Rc3+ Nc4 52. Nf7 Rd2+ 53. Ke1 Ra2 54. Nxg5 Kd4 55. Rb3 Ke5 56. f4+ Kxf4 57. Nxe6+ Ke5 58. Ng5 Nxa3 59. Nf3+ Ke4 60. Nd2+ Kd4 61. g5 Nc4 62. Ne4 Kxe4 0-1

[Event "Pamplona IRT rap op"]
[Site "Pamplona"]
[Date "2012.11.10"]
[Round "6"]
[White "Puentes, Alvaro"]
[Black "Diaz Cordoba, Fredy"]
[Result "0-1"]
[WhiteElo "2116"]
[BlackElo "2240"]
[PlyCount "240"]
[EventDate "2012.11.09"]
[EventType "swiss"]
[EventRounds "11"]
[EventCountry "COL"]
[SourceTitle "CBM 151 Extra"]
[Source "ChessBase"]
[SourceDate "2012.12.18"]
[SourceVersion "1"]
[SourceVersionDate "2012.12.18"]
[SourceQuality "1"]

1. e4 Nc6 2. d4 e6 3. Be3 Nf6 4. f3 d5 5. e5 Nd7 6. f4 h5 7. Nf3 Ne7 8. Bd3 g6 9. Nc3 a6 10. Ne2 c5 11. c3 Qb6 12. Rb1 Nc6 13. 0-0 Be7 14. Kh1 Qc7 15. g3 b5 16. Ng5 Bb7 17. Ng1 Bxg5 18. fxg5 Ncxe5 19. Bf4 Qb6 20. dxe5 d4+ 21. Nf3 c4 22. Be2 d3 23. Bxd3 cxd3 24. Qxd3 0-0-0 25. Qe2 Nc5 26. Rbd1 Qc6 27. h4 Rxd1 28. Qxd1 Rd8 29. Qe2 Nd3 30. Kh2 Qc4 31. Nd4 Nxb2 32. Qxc4+ Nxc4 33. Rd1 Rd7 34. Kg1 Bf3 35. Rb1 Be4 36. Rb4 Na3 37. Rb3 Nb1 38. Kf2 Rc7 39. Ne2 Bc2 40. Rb2 Bf5 41. Rb3 Rc4 42. Be3 Ra4 43. Rb2 Na3 44. Rb4 Rxb4 45. cxb4 Bb1 46. Nc3 Bd3 47. Kf3 Nc2 48. Bc5 Kb7 49. Ne4 Bxe4+ 50. Kxe4 Kc6 51. Be7 Na3 52. Bd6 Nc4 53. Bf8 a5 54. bxa5 Nxa5 55. Kd4 Nc4 56. Bb4 Nb6 57. Bc5 Nd7 58. Bb4 Kb6 59. Ke4 Nb8 60. a3 Nc6 61. Kf4 Na5 62. Ke4 Nb3 63. Kd3 Kc6 64. Kc3 Nc5 65. Kd4 Na6 66. Ke4 Nc7 67. Kd4 Ne8 68. Bf8 Kb6 69. Kc3 Kc6 70. Kd4 Nc7 71. Bd6 Nd5 72. Bb4 Nb6 73. Bc5 Nc4 74. Bb4 Kb6 75. Ke4 Kb7 76. Kd4 Kc6 77. Ke4 Nb2 78. Kd4 Nd1 79. Be1 Kb6 80. Bb4 Kc6 81. Be1 Nb2 82. Bb4 Nc4 83. Ke4 Nb6 84. Kd4 Nd7 85. Be7 Kb6 86. Bb4 Ka6 87. Ke4 Nb6 88. Kd4 Na4 89. Kd3 Kb6 90. Kd4 Kc6 91. Be7 Kc7 92. Bd6+ Kb7 93. Be7 Kb6 94. Bb4 Kc6 95. Be7 Nb6 96. Bb4 Nd5 97. Ke4 Nc7 98. Kd4 Ne8 99. Bf8 Nc7 100. Bb4 Na6 101. Bf8 b4 102. a4 Kb6 103. Kc4 b3 104. Kxb3 Nb8 105. Kc4 Nc6 106. Bd6 Ka6 107. Kc5 Kb7 108. Kb5 Nd4+ 109. Kc5 Nf5 110. Kb5 Nxg3 111. a5 Nf5 112. a6+ Ka8 113. Bc5 Nxh4 114. Kc6 Nf3 115. Be3 Nxe5+ 116. Kc5 h4 117. Kd4 h3 118. Bf4 Nf3+ 119. Ke4 Nxg5+ 120. Ke5 h2 0-1

[Event "Pamplona IRT rap op"]
[Site "Pamplona"]
[Date "2012.11.09"]
[Round "2"]
[White "Diaz Cordoba, Fredy"]
[Black "Escobar Forero, Alder"]
[Result "0-1"]
[WhiteElo "2240"]
[BlackElo "2469"]
[PlyCount "112"]
[EventDate "2012.11.09"]
[EventType "swiss"]
[EventRounds "11"]
[EventCountry "COL"]
[SourceTitle "CBM 151 Extra"]
[Source "ChessBase"]
[SourceDate "2012.12.18"]
[SourceVersion "1"]
[SourceVersionDate "2012.12.18"]
[SourceQuality "1"]

1. d4 d5 2. Nf3 Nf6 3. e3 c5 4. Be2 Nc6 5. 0-0 e6 6. b3 cxd4 7. exd4 Bd6 8. Bb2 0-0 9. Ne5 Nd7 10. f4 f6 11. Nxc6 bxc6 12. c4 Rf7 13. Nd2 Nf8 14. g3 a5 15. Qc2 Rb8 16. Nf3 Bb7 17. Bd3 c5 18. cxd5 Bxd5 19. Bc4 Bxc4 20. Qxc4 cxd4 21. Bxd4 Rb4 22. Qc3 Rc7 23. Qb2 Rxd4 24. Nxd4 Bc5 25. Rad1 Rd7 26. Kg2 Bxd4 27. Qe2 Qa8+ 28. Rf3 e5 29. fxe5 Bxe5 30. Rxd7 Nxd7 31. Qb5 Nf8 32. Qc4+ Kh8 33. h4 h6 34. Qg4 Qb7 35. Kh2 Qd5 36. Rf2 Qd3 37. Qf3 Qd4 38. Kg2 Ne6 39. Rf1 Qb2+ 40. Qf2 Qc3 41. Qf3 Qc8 42. Qe4 Nd4 43. Rd1 Qc3 44. Rd3 Qc2+ 45. Kh3 Qf2 46. Rc3 Qf1+ 47. Kh2 Qf5 48. Qxf5 Nxf5 49. Rc5 Bxg3+ 50. Kh3 Be5 51. Rxa5 g5 52. hxg5 hxg5 53. Kg4 Ne3+ 54. Kh5 Kg7 55. Ra7+ Kf8 56. b4 g4 0-1

[Event "Puerto Boyaca op"]
[Site "Puerto Boyaca"]
[Date "2012.04.27"]
[Round "2"]
[White "Diaz Cordoba, Fredy"]
[Black "Torres, Jorge Emilio"]
[Result "1-0"]
[WhiteElo "2225"]
[BlackElo "2008"]
[PlyCount "73"]
[EventDate "2012.04.26"]
[EventType "swiss"]
[EventRounds "10"]
[EventCountry "COL"]
[SourceTitle "CBM 148 Extra"]
[Source "ChessBase"]
[SourceDate "2012.06.22"]
[SourceVersion "1"]
[SourceVersionDate "2012.06.22"]
[SourceQuality "1"]

1. Nf3 d5 2. d4 e6 3. g3 f5 4. Bg2 Nf6 5. b3 Be7 6. Bb2 0-0 7. Ne5 b6 8. 0-0 Bb7 9. c4 Nbd7 10. Nd3 Rc8 11. Nd2 Qe8 12. Nf3 c5 13. cxd5 exd5 14. Rc1 Ne4 15. Nfe5 cxd4 16. Rxc8 Qxc8 17. Nxd7 Qxd7 18. Bxd4 Rc8 19. Qa1 Bf8 20. Rc1 Nc5 21. Nf4 Ne4 22. h4 Bc5 23. Rd1 Qf7 24. a3 a5 25. Qb2 Qe7 26. b4 axb4 27. axb4 Bxb4 28. Bxb6 Bc3 29. Qb3 Kh8 30. Nxd5 Qe6 31. Be3 Ba6 32. Qb6 Qxb6 33. Nxb6 Bxe2 34. Rc1 Rc6 35. Nd5 Rd6 36. Nxc3 Nxc3 37. Rxc3 1-0

[Event "COL-ch sf"]
[Site "Santa Rosa"]
[Date "2011.06.25"]
[Round "7"]
[White "Hernandez, Cristian Andres"]
[Black "Diaz Cordoba, Fredy"]
[Result "1/2-1/2"]
[WhiteElo "2024"]
[BlackElo "2239"]
[PlyCount "81"]
[EventDate "2011.06.22"]
[EventType "swiss"]
[EventRounds "11"]
[EventCountry "COL"]
[SourceTitle "CBM 143 Extra"]
[Source "ChessBase"]
[SourceDate "2011.08.29"]
[SourceVersion "1"]
[SourceVersionDate "2011.08.29"]
[SourceQuality "1"]

1. d4 Nc6 2. c4 e5 3. d5 Nce7 4. e4 Ng6 5. Be3 Bb4+ 6. Nd2 Nf6 7. Bd3 Qe7 8. a3 Bc5 9. Bxc5 Qxc5 10. Ne2 0-0 11. b4 Qe7 12. 0-0 a5 13. c5 d6 14. cxd6 cxd6 15. bxa5 Rxa5 16. Qb3 Nd7 17. Qb4 Ra7 18. Nb3 Nf4 19. Nxf4 exf4 20. f3 Ne5 21. Be2 h5 22. Nd4 h4 23. h3 g6 24. Rfc1 Bd7 25. Rc7 Qg5 26. Kf1 Ra4 27. Qc3 Qg3 28. Rxd7 Nxd7 29. Bb5 Rxd4 30. Qxd4 Nc5 31. Re1 f6 32. Qc3 Qg5 33. Bc4 Qe5 34. Qb4 Ra8 35. Bb5 Rc8 36. Rc1 Kg7 37. Rb1 Rc7 38. a4 Re7 39. Re1 Kh6 40. Kf2 Kg7 41. Kf1 1/2-1/2

[Event "COL-ch sf"]
[Site "Santa Rosa"]
[Date "2011.06.24"]
[Round "6"]
[White "Diaz Cordoba, Fredy"]
[Black "Casallas Abril, Dario Hernan"]
[Result "1-0"]
[WhiteElo "2239"]
[BlackElo "2006"]
[PlyCount "41"]
[EventDate "2011.06.22"]
[EventType "swiss"]
[EventRounds "11"]
[EventCountry "COL"]
[SourceTitle "CBM 143 Extra"]
[Source "ChessBase"]
[SourceDate "2011.08.29"]
[SourceVersion "1"]
[SourceVersionDate "2011.08.29"]
[SourceQuality "1"]

1. d4 d5 2. Nf3 Nf6 3. g3 e6 4. Bg2 Bd6 5. c4 dxc4 6. 0-0 0-0 7. Qc2 Nc6 8. Qxc4 Re8 9. Rd1 Bd7 10. Nc3 Na5 11. Qd3 Nd5 12. Nxd5 exd5 13. Ng5 g6 14. Bxd5 Rf8 15. Bg2 Nc6 16. e4 Be7 17. Nf3 Bf6 18. Bh6 Re8 19. e5 Bf5 20. Qb3 Na5 21. Qc3 1-0

[Event "COL-ch sf"]
[Site "Santa Rosa"]
[Date "2011.06.22"]
[Round "2"]
[White "Diaz Cordoba, Fredy"]
[Black "Bejarano, Danny Andres"]
[Result "1/2-1/2"]
[WhiteElo "2239"]
[BlackElo "1962"]
[PlyCount "67"]
[EventDate "2011.06.22"]
[EventType "swiss"]
[EventRounds "11"]
[EventCountry "COL"]
[SourceTitle "CBM 143 Extra"]
[Source "ChessBase"]
[SourceDate "2011.08.29"]
[SourceVersion "1"]
[SourceVersionDate "2011.08.29"]
[SourceQuality "1"]

1. Nf3 Nf6 2. b3 g6 3. Bb2 Bg7 4. e3 0-0 5. Be2 d6 6. d4 Nbd7 7. 0-0 b6 8. c4 c5 9. Nc3 Bb7 10. Qc2 cxd4 11. Nxd4 d5 12. Rad1 Rc8 13. Qb1 dxc4 14. Bxc4 a6 15. a4 e5 16. Nde2 Qe7 17. Nd5 Nxd5 18. Bxd5 Bxd5 19. Rxd5 Nc5 20. Ba3 Rfd8 21. Rfd1 Rxd5 22. Rxd5 Qe6 23. Qd1 Bf8 24. Bxc5 Rxc5 25. Rxc5 Bxc5 26. Nc3 Qd6 27. Qxd6 Bxd6 28. Nd5 Bc5 29. b4 Bd6 30. b5 axb5 31. axb5 Bc5 32. Nf6+ Kf8 33. Nxh7+ Ke7 34. h4 1/2-1/2

[Event "Choco Region-ch"]
[Site "Quibdo"]
[Date "2011.06.12"]
[Round "5.2"]
[White "Diaz, Ricardo"]
[Black "Diaz Cordoba, Fredy"]
[Result "0-1"]
[WhiteElo "2256"]
[BlackElo "2239"]
[PlyCount "26"]
[EventDate "2011.06.10"]
[EventType "swiss"]
[EventRounds "5"]
[EventCountry "COL"]
[SourceTitle "EXT 2024"]
[Source "ChessBase"]
[SourceDate "2023.10.10"]
[SourceVersion "1"]
[SourceVersionDate "2023.10.10"]
[SourceQuality "1"]

1. e4 c5 2. Nf3 e6 3. d4 cxd4 4. Nxd4 Nc6 5. c4 a6 6. Nc3 Bb4 7. Nxc6 bxc6 8. Bd3 Nf6 9. 0-0 e5 10. f4 Bc5+ 11. Kh1 d6 12. fxe5 Ng4 13. exd6 Qh4 0-1

[Event "COL-ch"]
[Site "San Andres Islas"]
[Date "2008.12.03"]
[Round "6"]
[White "Diaz Cordoba, Fredy"]
[Black "Sierra Fonseca, Edwin Andres"]
[Result "1/2-1/2"]
[WhiteElo "2266"]
[BlackElo "2105"]
[PlyCount "48"]
[EventDate "2008.12.01"]
[EventType "swiss"]
[EventRounds "9"]
[EventCountry "COL"]
[SourceTitle "CBM 127 Extra"]
[Source "ChessBase"]
[SourceDate "2009.01.08"]
[SourceVersion "2"]
[SourceVersionDate "2009.01.28"]
[SourceQuality "1"]

1. Nf3 Nf6 2. g3 d5 3. Bg2 c6 4. 0-0 Nbd7 5. b3 e5 6. Bb2 Bd6 7. c4 0-0 8. d3 Re8 9. Na3 Nf8 10. Nc2 Ng6 11. b4 Be6 12. Ng5 Bg4 13. b5 h6 14. Nf3 h5 15. bxc6 bxc6 16. cxd5 cxd5 17. Ne3 Rb8 18. Qd2 Bb4 19. Qc2 Qd7 20. Rfc1 Bd6 21. Rab1 Rec8 22. Qd2 Qa4 23. Ba1 Be6 24. Rxb8 Rxb8 1/2-1/2

[Event "Bucaramanga op"]
[Site "Bucaramanga"]
[Date "2008.06.01"]
[Round "6"]
[White "Diaz Cordoba, Fredy"]
[Black "Uribe, Mauricio"]
[Result "0-1"]
[WhiteElo "2261"]
[BlackElo "2406"]
[PlyCount "76"]
[EventDate "2008.05.30"]
[EventType "swiss"]
[EventRounds "9"]
[EventCountry "COL"]
[SourceTitle "EXT 2010"]
[Source "ChessBase"]
[SourceDate "2010.11.25"]
[SourceVersion "1"]
[SourceVersionDate "2010.11.25"]
[SourceQuality "1"]

1. d4 e6 2. Nf3 Nf6 3. g3 b5 4. Bg2 Bb7 5. 0-0 c5 6. Na3 b4 7. Nc4 d5 8. Nce5 Nbd7 9. dxc5 Bxc5 10. Nd3 Be7 11. a3 bxa3 12. b3 0-0 13. Bxa3 Bxa3 14. Rxa3 Qc7 15. Qa1 Qxc2 16. Rc1 Qxe2 17. Rc3 Rac8 18. Ra2 Qxa2 19. Qxa2 Rxc3 20. Bf1 a6 21. Qa4 Rfc8 22. Qb4 R3c7 23. Qf4 Ne4 24. Nd4 Ndc5 25. Nb4 f6 26. f3 e5 27. Qg4 exd4 28. fxe4 dxe4 29. Bc4+ Kh8 30. Nc2 Rd8 31. h4 d3 32. Ne3 d2 33. h5 h6 34. Kf2 Bc8 35. Qf4 Re7 36. Be2 Nd3+ 37. Bxd3 exd3 38. Qf3 Rde8 0-1

[Event "Bucaramanga op"]
[Site "Bucaramanga"]
[Date "2008.05.31"]
[Round "4"]
[White "Molina, Rafael"]
[Black "Diaz Cordoba, Fredy"]
[Result "0-1"]
[WhiteElo "2082"]
[BlackElo "2261"]
[PlyCount "60"]
[EventDate "2008.05.30"]
[EventType "swiss"]
[EventRounds "9"]
[EventCountry "COL"]
[SourceTitle "EXT 2010"]
[Source "ChessBase"]
[SourceDate "2010.11.25"]
[SourceVersion "1"]
[SourceVersionDate "2010.11.25"]
[SourceQuality "1"]

1. e4 c5 2. Nf3 e6 3. d4 cxd4 4. Nxd4 Nc6 5. Be3 Qc7 6. Bd3 a6 7. 0-0 Nf6 8. f4 Bc5 9. c3 Qb6 10. Nd2 Nxd4 11. Nc4 Qa7 12. cxd4 Bxd4 13. Nd6+ Ke7 14. Bxd4 Qxd4+ 15. Kh1 Kxd6 16. e5+ Ke7 17. exf6+ gxf6 18. Qc2 b6 19. Be4 d5 20. Bxh7 Bd7 21. Bd3 Rh4 22. Rad1 Rxf4 23. Bxa6 Qa4 24. Qd2 Rh4 25. Qf2 Rxa6 26. Qxf6+ Kd6 27. Qxf7 Ra8 28. Qf2 Rah8 29. h3 Rxh3+ 30. gxh3 Rxh3+ 0-1

[Event "Bucaramanga op"]
[Site "Bucaramanga"]
[Date "2008.05.30"]
[Round "2"]
[White "Peinado, Edwin Halley"]
[Black "Diaz Cordoba, Fredy"]
[Result "0-1"]
[WhiteElo "2130"]
[BlackElo "2261"]
[PlyCount "58"]
[EventDate "2008.05.30"]
[EventType "swiss"]
[EventRounds "9"]
[EventCountry "COL"]
[SourceTitle "EXT 2010"]
[Source "ChessBase"]
[SourceDate "2010.11.25"]
[SourceVersion "1"]
[SourceVersionDate "2010.11.25"]
[SourceQuality "1"]

1. d4 c5 2. d5 e5 3. c4 d6 4. Nc3 Be7 5. e4 Bg5 6. Nf3 Bxc1 7. Qxc1 Ne7 8. Bd3 0-0 9. Qc2 Ng6 10. Ne2 a6 11. h3 b5 12. 0-0-0 Nd7 13. Nd2 Nb6 14. g4 bxc4 15. Bxc4 Bd7 16. Rdf1 Nxc4 17. Nxc4 Bb5 18. b3 Bxc4 19. Qxc4 Qa5 20. Qc2 c4 21. b4 Qxb4 22. Qc3 Qa4 23. Qc2 Qa3+ 24. Kd2 c3+ 25. Nxc3 Rfc8 26. Rb1 Qc5 27. Rhf1 Qd4+ 28. Qd3 Rxc3 29. Qxd4 exd4 0-1

[Event "COL-ch"]
[Site "Cali"]
[Date "2003.07.24"]
[Round "5"]
[White "Carvajal, Nolberto"]
[Black "Diaz Cordoba, Fredy"]
[Result "0-1"]
[WhiteElo "2300"]
[BlackElo "2235"]
[PlyCount "84"]
[EventDate "2003.07.22"]
[EventType "tourn"]
[EventRounds "11"]
[EventCountry "COL"]
[EventCategory "5"]
[SourceTitle "CBM 095 Extra"]
[Source "ChessBase"]
[SourceDate "2003.09.04"]
[SourceVersion "1"]
[SourceVersionDate "2003.09.04"]
[SourceQuality "1"]

1. e4 c5 2. Nf3 e6 3. d4 cxd4 4. Nxd4 Nc6 5. Nb5 d6 6. c4 Nf6 7. N1c3 a6 8. Na3 Be7 9. Be2 0-0 10. 0-0 Bd7 11. Nc2 Na7 12. a4 Bc6 13. f3 a5 14. Be3 Nc8 15. Kh1 Nd7 16. Nd4 Nc5 17. Qc2 Bf6 18. Rfd1 Qe7 19. Rd2 Na6 20. Rad1 Nb4 21. Qc1 g5 22. Ndb5 Kh8 23. Nxd6 Nxd6 24. Rxd6 Rg8 25. g3 Be5 26. R6d2 f5 27. Bf1 f4 28. Bd4 Bxd4 29. Rxd4 g4 30. gxf4 gxf3 31. Qd2 Qg7 32. Bh3 Qh6 33. Rd6 Rae8 34. Qd4+ Rg7 35. Rg1 e5 36. Qxe5 Rxe5 37. Rxh6 Bxe4 38. Nxe4 Rxe4 39. Re6 Re2 40. Rf1 Nd3 41. Rxf3 Nf2+ 42. Rxf2 Rxf2 0-1

[Event "American Continental 01st"]
[Site "Cali"]
[Date "2001.08.15"]
[Round "6"]
[White "Diaz Cordoba, Fredy"]
[Black "Cuartas, Carlos Enrique"]
[Result "1/2-1/2"]
[WhiteElo "2233"]
[BlackElo "2302"]
[PlyCount "77"]
[EventDate "2001.08.09"]
[EventType "swiss"]
[EventRounds "11"]
[EventCountry "COL"]
[SourceTitle "CBM 083 Extra"]
[Source "ChessBase"]
[SourceDate "2001.09.11"]
[SourceVersion "1"]
[SourceVersionDate "2001.09.11"]
[SourceQuality "1"]

1. b3 e5 2. Bb2 d6 3. g3 Nf6 4. Bg2 g6 5. c4 Nc6 6. Nc3 Bg7 7. Nf3 0-0 8. 0-0 Nd4 9. d3 Nxf3+ 10. Bxf3 c6 11. Qd2 Bh3 12. Rfe1 d5 13. cxd5 cxd5 14. Rac1 a6 15. Rc2 Re8 16. e4 d4 17. Nd5 Nxd5 18. exd5 Qd6 19. Qa5 Bf8 20. Rc4 Rec8 21. Qd2 h5 22. Qe2 Bg7 23. Rec1 Bd7 24. h4 Bh6 25. Re1 Bg7 26. Rec1 f5 27. Qd2 Kh7 28. Qa5 Bf8 29. R1c2 b6 30. Qe1 b5 31. Rc6 Bxc6 32. dxc6 Rc7 33. Qa5 b4 34. Bg2 Re8 35. Rc4 Re6 36. Rxb4 Qxb4 37. Qxc7+ Bg7 38. Bd5 Qe1+ 39. Kg2 1/2-1/2

[Event "American Continental 01st"]
[Site "Cali"]
[Date "2001.08.14"]
[Round "5"]
[White "Mosquera Klinger, Miguel Alonso"]
[Black "Diaz Cordoba, Fredy"]
[Result "1/2-1/2"]
[WhiteElo "2344"]
[BlackElo "2233"]
[PlyCount "98"]
[EventDate "2001.08.09"]
[EventType "swiss"]
[EventRounds "11"]
[EventCountry "COL"]
[SourceTitle "CBM 083 Extra"]
[Source "ChessBase"]
[SourceDate "2001.09.11"]
[SourceVersion "1"]
[SourceVersionDate "2001.09.11"]
[SourceQuality "1"]

1. e4 e5 2. Nf3 Nc6 3. d4 exd4 4. Nxd4 Bc5 5. Nxc6 Qf6 6. Qd2 dxc6 7. Bd3 Be6 8. Nc3 0-0-0 9. Qf4 Ne7 10. Qxf6 gxf6 11. Be3 Bd4 12. Bxd4 Rxd4 13. 0-0-0 Rg8 14. g3 h5 15. b3 Rdd8 16. h4 b5 17. Be2 Bg4 18. b4 Bxe2 19. Nxe2 Ng6 20. Nd4 Kb7 21. Nb3 Ne5 22. Nc5+ Kc8 23. Rxd8+ Rxd8 24. Rd1 Rd6 25. c3 Rd8 26. Rxd8+ Kxd8 27. Kd2 Ke7 28. Ke3 Nc4+ 29. Ke2 Ne5 30. Nd3 Ng6 31. Ke3 Kd6 32. f3 a6 33. Nc5 Ke5 34. Nxa6 f5 35. exf5 Ne7 36. Nxc7 Nxf5+ 37. Kf2 Kd6 38. Na6 Kd5 39. Nc5 Kc4 40. Ne4 Kd3 41. Nf6 Kxc3 42. Nxh5 Kxb4 43. Nf6 Ka3 44. h5 Kxa2 45. g4 Ne7 46. Ne4 f5 47. Nc5 b4 48. Ke3 b3 49. gxf5 Nxf5+ 1/2-1/2

[Event "Cali op-A 3rd"]
[Site "Cali"]
[Date "1999.12.26"]
[Round "1"]
[White "Diaz Cordoba, Fredy"]
[Black "Escobar Forero, Alder"]
[Result "0-1"]
[WhiteElo "2225"]
[BlackElo "2385"]
[PlyCount "117"]
[EventDate "1999.12.26"]
[EventType "swiss"]
[EventRounds "9"]
[EventCountry "COL"]
[SourceTitle "CBM 074 Extra"]
[Source "ChessBase"]
[SourceDate "2000.03.10"]
[SourceVersion "2"]
[SourceVersionDate "2000.03.10"]
[SourceQuality "1"]

1. Nf3 Nf6 2. g3 g6 3. b3 Bg7 4. Bb2 d6 5. Bg2 0-0 6. 0-0 e5 7. c4 Nc6 8. d3 Re8 9. Nc3 Bf5 10. e4 Bg4 11. h3 Bd7 12. Qd2 a6 13. a3 b5 14. Rfe1 bxc4 15. bxc4 Na5 16. Rab1 Nb3 17. Qc2 Rb8 18. Bc1 Nxc1 19. Rexc1 Bc6 20. Nd5 Nd7 21. Nd2 Nc5 22. Rxb8 Qxb8 23. Rb1 Qa7 24. Nf3 Ba4 25. Qd2 Rb8 26. Rb4 Rf8 27. Nc3 Bd7 28. Kh2 a5 29. Rb1 Rb8 30. Qc2 Rxb1 31. Qxb1 a4 32. Nd5 Nb3 33. Kg1 c6 34. Nc3 Bh6 35. Na2 Qc5 36. Qb2 f5 37. exf5 gxf5 38. Nh4 Bg7 39. Nb4 e4 40. Qe2 Nc1 41. Qd2 Nxd3 42. Nxd3 exd3 43. Qxd3 Qe5 44. Nf3 Qc5 45. Nh4 Qd4 46. Qe2 Bf6 47. Qh5 Qc3 48. f4 Qb2 49. Kh2 Qc2 50. Qh6 Be7 51. Qh5 Kg7 52. Nf3 Qxc4 53. Ng5 h6 54. Nf3 Qf7 55. Qxf7+ Kxf7 56. Bf1 c5 57. Kg2 Be6 58. Bd3 Kf6 59. Kf2 0-1